Zhubněte jednou provždy najezte se do štíhlosti

Bibliographic Details
Main Author: Mačingová, Antónia (Author)
Format: Book
Language:Czech
Slovak
PhysicalDescription:239, [1] s. fareb. fotogr., ilustr. 21 cm
Published: Praha Nakladatelství Brána 2009
ISBN:9788072433988
Edition:1. vyd.
Subjects:

MARC

LEADER 00000cam a2200000 a 4500
001 vtls009936501
003 SK-MaSNL
005 20260301171939.0
008 240315s2009 xr oa f 000 0 cze
015 |a SNBZSA2010-00221 
020 |a 9788072433988  |q (viaz.) 
035 |a 08F2862B-BAB8-48C1-80EC-98C93D0592F8 
035 |a urn:nbn:sk:snk-amk04l 
035 |a urn:nbn:sk:snk-am0087qa 
040 |a SNK  |b slo  |c SNK  |e AACR2 
041 1 |a cze  |h slo 
044 |a xr  |c CZ 
072 7 |a 613  |x Hygiena. Ľudské zdravie  |2 konspekt 
080 |a 613.2  |x (035)  |x (083.12)  |2 2001 
080 |a 615.874.24  |2 2001 
080 |a 641.561  |2 2001 
080 |a 616-056.257  |2 2001 
080 |a 613.24  |2 2001 
100 1 |a Mačingová, Antónia  |4 aut  |9 311882 
245 1 0 |a Zhubněte jednou provždy  |b najezte se do štíhlosti 
250 |a 1. vyd. 
260 |a Praha  |b Nakladatelství Brána  |c 2009 
300 |a 239, [1] s.  |b fareb. fotogr., ilustr.  |c 21 cm 
650 0 7 |a obezita  |2 SNKPH  |9 2527 
650 0 7 |a redukčné diéty  |2 SNKPH  |9 1801 
650 0 7 |a zdravá výživa  |2 SNKPH  |9 66259 
650 0 7 |a zdravý životný štýl  |2 SNKPH  |9 68571 
650 0 7 |a redukcia telesnej hmotnosti  |2 SNKPH  |9 66799 
655 7 |a príručky  |2 SNKPH  |9 74364 
655 7 |a kuchárske recepty  |2 SNKPH  |9 70493 
919 |a 978-80-7243-398-8 
958 |a ZS 
958 |a OP 
958 |a CZ 
999 |c 831942  |d 833872 
952 |a SNK  |b SNK  |y PREZ  |7 0  |p 17A0570752  |o snkSC 138226  |i snk2009/14013  |8 3  |g 11.92  |0 0  |1 0  |4 0  |d 2009-08-05  |l 0  |r 2017-06-30 00:00:00  |w 2026-02-24 
952 |a SNK  |b SNK  |y VYP  |7 0  |p 17A0570626  |o snkSC 138226 D1  |i snk2009/20323  |8 3  |g 10.80  |0 0  |1 0  |4 0  |d 2009-11-12  |f 1  |l 0  |r 2026-02-24 03:41:46  |w 2026-02-24